LEADER 00965nam a2200205 i 4500 001 000000148826 003 CaOOAMICUS 005 20060316000000.0 008 060316s2004 it u000 u ita u 013 $a126144 040 $aSeMil$bita 100 1 $aComo .$0(OLS)http://semarc/name/21050 245 10$aBeni Culturali, per esempio :$buna strategia per la conoscenza e la tutela del territorio /$cProvincia di Como Assessorato alla Cultura, Beni Architettonici e Artistici. 260 $a[Italia] :$bS.I.R.Be.C,$c2004$e(Lipomo (Como) :$fCesarenani,$g2004) 300 $a69 p. :$briccamente ill. ;$c24 cm. 850 $aSeMil 852 $aSeMil$W1$xVenegono$y1$m5T IX 7$j101181$B101181$CSeMilBibl$Z2$F110099 $81 961 $aOmaggio: Altro 996 $6245$aBeni Culturali, per esempio :$buna strategia per la conoscenza e la tutela del territorio$9(OLS)http://semarc/title/217557 996 $6260$a[Italia] :$bS.I.R.Be.C$9(OLS)http://semarc/publisher/47857 LEADER 01149nam a2200265 i 4500 001 000000332611 003 CaOOAMICUS 005 20190226164259.0 008 190226s1986 it u000 u ita u 040 $aSeMil$bita 100 1 $aColombo, Giovanni,$c.$0(OLS)http://semarc/name/1549 245 10$aCon il Manzoni /$cCard. Giovanni Colombo ; postfazione di Giancarlo Vigorelli. 260 $aAzzate :$bOtto/Novecento,$c1986. 300 $a207 p. ;$c22 cm. 500 $aCon dedica dell'A. a mons. Pasquale Macchi 500 $aFondo mons. Pasquale Macchi 600 14$aManzoni, Alessandro <1785-1873>.$0(OLS)http://semarc/subject/1531 650 4$aLetteratura italiana - Storia - Sec. 19.$0(OLS)http://semarc/subject/234 700 1 $aVigorelli, Giancarlo,$d<1913-2005>.$0(OLS)http://semarc/name/6323 850 $aSeMil 852 $aSeMil$W1$xVenegono$y1$m1D IV 88/1$j211047$B224724$CSeMilBibl$Z2$F224724 $81 941 1 $a9 996 $6245$aCon il Manzoni$9(OLS)http://semarc/title/45472 996 $6260$aAzzate :$bOtto/Novecento$9(OLS)http://semarc/publisher/39650